000 00435nam a22001817a 4500
003 MPLRDC
005 20220104114222.0
008 210129b ||||| |||| 00| 0 eng d
020 _a962-07-5059-4
082 _a782.29 ZYJ
100 _a张元济 编著
245 _a中华民族的人格
_c
250 _a一版一刷
260 _a
_b商务印书馆
_c1987
300 _b
650 _a中国传记
942 _cBK
_o782.29 ZYJ
999 _c5769
_d5759